000 00637nam a22001817a 4500
005 20170913164040.0
010 _a1718EN-30
020 _a9788124608395
_c800.00
037 _bA.K.Pub. & Dist.
_adpl
100 _aSharma, Arvind
245 _aHinduism :
_cby Arvind Sharma
_bon its own terms /
260 _c2016
_aNew Delhi
_bA.K.Pub. & Dist.
270 _aVedasri, F-395, Sudarshan Park, Ramesh Nagar,
_bNew Delhi
_e110015
300 _c23cm(Hb)
_axviii,279p.
500 _aIncludes index
942 _cEN
_2ddc
_mSHA
999 _c144528
_d144528